| 000 | 00650nam a2200253Ia 4500 | ||
|---|---|---|---|
| 003 | OSt | ||
| 005 | 20221007105413.0 | ||
| 006 | a|||||r|||| 00| 0 | ||
| 007 | ta | ||
| 008 | 221006b |||||||| |||| 00| 0 eng d | ||
| 020 | _a0406200734 | ||
| 024 | _a18,469 | ||
| 037 | _cTextual | ||
| 040 |
_aLCO _cLCO _beng |
||
| 041 |
_2eng _aeng |
||
| 082 | _aZ2,2674, L9 | ||
| 100 |
_aFlint Michael F. _9706580 |
||
| 245 | 0 | _aUser's Guide to Copyright | |
| 260 |
_aLondon _bButterworths UK _c1979 |
||
| 300 | _a226 | ||
| 650 |
_aCOPYRIGHT _9607787 |
||
| 942 |
_hZ2,2674, L9 _cTEXL |
||
| 999 |
_c1188032 _d1188032 |
||